Royal Sporting Club Anderlecht 2023/24 team - Statistics

General Stats
  • This quiz has been taken 24 times
  • The average score is 21 of 26
Answer Stats
Number Position Nationality Answer % Correct
12 ATT Denmark Kasper Dolberg
100%
10 MID Belgium Yari Verschaeren
100%
56 DEF Belgium Zeno Debast
100%
14 DEF Belgium Jan Vertonghen
95%
33 GK Denmark Kasper Schmeichel
95%
54 DEF Belgium Killian Sardella
95%
15 DEF Sweden Ludwig Augustinsson
89%
23 MID Belgium Mats Rits
89%
11 MID Belgium Thorgan Hazard
89%
36 MID Denmark Anders Dreyer
84%
20 ATT Argentina Luis Vazquez
84%
18 MID Ghana Majeed Ashimeru
84%
29 MID Belgium Mario Stroeykens
84%
9 ATT Belgium Benito Raman
79%
26 GK Belgium Colin Coosemans
79%
1 GK France Maxime Dupé
79%
5 DEF Senegal Moussa N'Diaye
79%
17 MID Belgium Théo Leoni
79%
25 MID Denmark Thomas Delaney
79%
21 MID Guinea Amadou Diawara
74%
7 MID Belgium Francis Amuzu
74%
61 MID Norway Kristian Arnstad
74%
32 ATT Ecuador Nilson Angulo
74%
8 MID France Alexis Flips
63%
22 DEF Belgium Louis Patris
47%
19 MID Netherlands Justin Lonwijk
37%
No matching quizzes found
Score Distribution
Percent of People with Each Score
Percentile by Number Answered
Your Score History
You have not taken this quiz